| 000 | 00441nam a2200193Ia 4500 | ||
|---|---|---|---|
| 008 | 170918s9999 xx 000 0 und d | ||
| 020 | _a590367951 | ||
| 050 | _bD419 1989 | ||
| 100 | _adePaola, Tomie | ||
| 245 | 4 | _aThe art lesson / | |
| 245 | _cTomie dePaola. | ||
| 260 | _aNew York : | ||
| 260 | _bScholastic, | ||
| 260 | _c1989 | ||
| 300 | _aunpaged : | ||
| 300 | _bcolored illustration ; | ||
| 300 | _c26cm. | ||
| 500 | _a650 | ||
| 999 |
_c342408 _d342408 |
||